| 000 | 01617nam0a2200289 4500 | ||
|---|---|---|---|
| 001 | RU\NLR\b_ik\136013 | ||
| 005 | 20260406124927.0 | ||
| 035 | _a(NLR Aleph) 002209296 | ||
| 090 |
_a3147029 _c3147029 |
||
| 100 | _a20051018d2003 |||y0rusy50 ca | ||
| 101 | 0 | _aeng | |
| 102 | _aRU | ||
| 105 | _aa ||||||||| | ||
| 200 | 1 |
_aBogoliubov laboratory of the theoretical physics _eannual report _eReport to the 95th Session of the JINR Scientific council, January 15-16, 2004 _fA.N. Sissakian |
|
| 210 |
_aDubna _cJoint inst. for nuclear research _d2003 |
||
| 215 |
_a14, [1] с. _cграф. _d22 |
||
| 225 | 1 |
_aJoint institute for nuclear research _v2003-239 |
|
| 601 | 0 | 2 |
_aОбъединенный институт ядерных исследований _bЛаборатория теоретической физики им. Н.Н.Боголюбова _cДубна, город; Московская область _jГодовые отчеты _xНаучно-исследовательская работа _92084263 _3RU\NLR\AUTH\661260346 |
| 686 | 4 | _aВ31е(2)л2-15 | |
| 700 | 1 |
_4070 _7ba _8rus _aSisakjan _bA. N. _cд-р физ. мат. наук _f1944-2010 _gAleksej Norajrovič _9224542 _3RU\NLR\AUTH\770224598 |
|
| 711 | 0 | 2 |
_4070 _8eng _aJoint institute for nuclear research _cDubna _bBogoliubov laboratory of theoretical physics _7ba _3RU\NLR\AUTH\8817953 _9309136 |
| 801 | 0 |
_aRU _bNLR _c20051018 _gPSBO |
|
| 830 | _aОтчет лаборатории теоретической физики Боголюбова | ||
| 942 | _cBOOK | ||
| 980 | _aNB | ||